[Event "Superettan(Skara-Helsingborg)"]
[Site "?"]
[Date "2025.01.19"]
[Round "6"]
[White "Kristensen, Kare Hove"]
[Black "Jacobson, Erik"]
[Result "1-0"]
[WhiteElo "2266"]
[BlackElo "2129"]
[PlyCount "91"]
[EventDate "2025.??.??"]
[SourceVersionDate "2025.02.09"]

1. d4 Nf6 2. Nf3 g6 3. c4 Bg7 4. Nc3 O-O 5. e4 d6 6. Be2 e5 7. O-O Nc6 8. dxe5 Nxe5 9. Bf4 Nxf3+ 10. Bxf3 Be6 11. Be2 Nd7 12. Qd2 Ne5 13. b3 f5 14. exf5 Rxf5 15. Be3 Rf7 16. Ne4 Bf5 17. Ng5 Re7 18. Rad1 h6 19. Nf3 Ng4 20. Bd4 Nf6 21. Nh4 Qd7 22. Nxf5 Qxf5 23. Bf3 Ne4 24. Qb2 a5 25. Bxg7 Rxg7 26. Bxe4 Qxe4 27. Rfe1 Qf5 28. Re3 Rf7 29. Rf3 Qg4 30. h3 Qe6 31. Rxf7 Kxf7 32. Qd2 b6 33. Re1 Qf5 34. Qxh6 Rg8 35. Re3 Qh5 36. Qf4+ Qf5 37. Qh6 Qh5 38. Qf4+ Qf5 39. Qd4 Qd7 40. Rf3+ Ke8 41. Qf6 Qg7 42. Qe6+ Kd8 43. Rf7 Qa1+ 44. Kh2 Qe5+ 45. Qxe5 dxe5 46. Kg3 1-0

[Event "Superettan(Lulea-Schack 08)"]
[Site "?"]
[Date "2025.01.19"]
[Round "6"]
[White "Ernst, Thomas"]
[Black "Ottenklev, Niclas"]
[Result "1/2-1/2"]
[WhiteElo "2270"]
[BlackElo "2112"]
[PlyCount "58"]
[SourceVersionDate "2025.02.09"]

1. d4 f5 2. Nc3 Nf6 3. Bg5 d5 4. Bxf6 exf6 5. e3 c6 6. Bd3 Be6 7. Nf3 Bd6 8. Ne2 Qe7 9. Rc1 Nd7 10. O-O O-O 11. Nf4 Kh8 12. Re1 g6 13. Nxe6 Qxe6 14. c4 dxc4 15. Bxc4 Qe7 16. Qd3 Rfe8 17. Re2 Nb6 18. Bb3 Rad8 19. a3 Kg7 20. Rce1 Qd7 21. e4 fxe4 22. Rxe4 Rxe4 23. Qxe4 Bf8 24. h4 Nd5 25. h5 Qf5 26. hxg6 Qxe4 27. Rxe4 hxg6 28. Kf1 Ne7 29. Bc4 Re8 1/2-1/2

[Event "Superettan(Skara-Helsingborg)"]
[Site "?"]
[Date "2025.01.19"]
[Round "6"]
[White "Eklund, Lars-Goran"]
[Black "Rosell, Tomas"]
[Result "1-0"]
[WhiteElo "2198"]
[BlackElo "2180"]
[PlyCount "69"]
[SourceVersionDate "2025.02.09"]

1. Nf3 f5 2. e4 fxe4 3. Ng5 Nf6 4. d3 Nc6 5. dxe4 e6 6. Bd3 Bc5 7. f4 h6 8. Nh3 O-O 9. c3 e5 10. b4 Bb6 11. b5 Na5 12. fxe5 Nxe4 13. Qh5 Nf2 14. Nxf2 Bxf2+ 15. Kd1 Qe8 16. Qe2 d5 17. exd6 Qxe2+ 18. Bxe2 cxd6 19. Nd2 Bf5 20. Nc4 Nxc4 21. Bxc4+ Kh8 22. Bd5 Rac8 23. Bb2 Rc7 24. c4 Bg4+ 25. Kc2 Re7 26. Bc3 b6 27. a4 Re2+ 28. Kb3 Bf5 29. Bf3 Re3 30. Rhf1 Bh4 31. Kb2 Bg6 32. Bd4 Re7 33. Rad1 Bf7 34. Bc3 Bxc4 35. Rd4 1-0

[Event "Superettan(Lulea-Schack 08)"]
[Site "?"]
[Date "2025.01.19"]
[Round "6"]
[White "Faldt, Magnus"]
[Black "Marklund, Niklas"]
[Result "0-1"]
[WhiteElo "2140"]
[BlackElo "2137"]
[PlyCount "138"]
[SourceVersionDate "2025.02.09"]

1. d4 d5 2. c4 e6 3. Nc3 Nf6 4. cxd5 exd5 5. Bg5 Be7 6. e3 O-O 7. Qc2 Re8 8. Bd3 Nbd7 9. Nf3 Nf8 10. O-O c6 11. Ne5 Ng4 12. Bxe7 Qxe7 13. Nf3 Nf6 14. Nd2 Bg4 15. Rab1 Bh5 16. b4 a6 17. Nb3 Bg6 18. Nc5 Bxd3 19. Qxd3 Ne6 20. Rfc1 g6 21. a4 Rac8 22. h3 Rc7 23. a5 Ng5 24. Re1 Nge4 25. Rbd1 Nxc3 26. Qxc3 Ne4 27. Qb2 Qg5 28. Nd3 Rce7 29. Ne5 h5 30. Rf1 Nd6 31. Qc2 Nf5 32. Nf3 Qf6 33. Ne5 Qg5 34. Nf3 Qh6 35. Ne5 f6 36. Nf3 h4 37. Nh2 Qg7 38. Ng4 Nd6 39. Rfe1 Nc4 40. Qc1 f5 41. Nh2 g5 42. Qb1 Re4 43. Kh1 g4 44. f3 Rxe3 45. fxg4 R8e4 46. gxf5 Na3 47. Qc1 Nc2 48. f6 Rxe1+ 49. Rxe1 Rxe1+ 50. Qxe1 Qxg2+ 51. Kxg2 Nxe1+ 52. Kf2 Nc2 53. Nf3 Kf7 54. Ke2 Kxf6 55. Kd3 Nxb4+ 56. Kc3 c5 57. dxc5 Nc6 58. Nxh4 Ke5 59. Nf3+ Kf4 60. Nd4 Nxa5 61. Ne6+ Ke3 62. h4 Nc6 63. h5 d4+ 64. Nxd4 Nxd4 65. h6 Ne2+ 66. Kb4 Nf4 67. Ka5 Kd4 68. h7 Ng6 69. Kb6 a5 0-1

[Event "Superettan(Skara-Helsingborg)"]
[Site "?"]
[Date "2025.01.19"]
[Round "6"]
[White "Johansson, Thomas"]
[Black "Cederqvist, Niclas"]
[Result "1-0"]
[WhiteElo "2177"]
[BlackElo "1961"]
[PlyCount "77"]
[SourceVersionDate "2025.02.09"]

1. e4 c5 2. c3 e6 3. d4 d5 4. exd5 exd5 5. Nf3 Nc6 6. Bb5 Bd6 7. dxc5 Bxc5 8. O-O Nge7 9. Nbd2 O-O 10. Nb3 Bd6 11. h3 Bf5 12. Be3 a6 13. Bd3 Bxd3 14. Qxd3 Ne5 15. Nxe5 Bxe5 16. Rad1 Qc7 17. Rfe1 Rad8 18. Bg5 f6 19. Be3 Rfe8 20. h4 g6 21. Bc5 Bd6 22. Bxd6 Qxd6 23. h5 Kg7 24. Re3 Nf5 25. Rf3 b5 26. a3 Re5 27. g3 Rde8 28. Rf4 Re1+ 29. Kg2 Rxd1 30. Qxd1 Qe5 31. hxg6 hxg6 32. Nd4 Nxd4 33. Rxd4 Rh8 34. Rxd5 Qe4+ 35. f3 Qe3 36. Rd7+ Kh6 37. Qh1+ Kg5 38. Rd5+ f5 39. f4+ 1-0

[Event "Superettan(Lulea-Schack 08)"]
[Site "?"]
[Date "2025.01.19"]
[Round "6"]
[White "Hovhannisyan, Hrayr"]
[Black "Ask, Josef"]
[Result "0-1"]
[WhiteElo "2238"]
[BlackElo "2084"]
[PlyCount "114"]
[SourceVersionDate "2025.02.09"]

1. d4 Nf6 2. g3 c5 3. d5 b5 4. Bg2 Bb7 5. e4 e6 6. c4 bxc4 7. Nc3 Na6 8. Nf3 Nb4 9. O-O exd5 10. e5 Ng8 11. Ng5 h6 12. Nh3 Ne7 13. Nf4 Rb8 14. Nb5 Nc8 15. Re1 d4 16. Qg4 Nc2 17. Nd6+ Nxd6 18. exd6+ Nxe1 19. Qe2+ Be7 20. Qxe1 Bxg2 21. Kxg2 Kf8 22. Qe5 Bf6 23. Qxc5 Qb6 24. Qc7 Qc6+ 25. Kg1 Re8 26. Bd2 c3 27. bxc3 dxc3 28. Be3 Rc8 29. Qxa7 c2 30. Rf1 Qxd6 31. a4 Qc6 32. a5 g6 33. a6 Kg7 34. Rc1 Rhe8 35. Bd4 Re4 36. Bxf6+ Qxf6 37. Qxd7 Qc3 38. Kg2 Re1 39. Rxe1 Qxe1 40. Qd4+ Kg8 41. Nxg6 Qf1+ 42. Kxf1 c1=Q+ 43. Kg2 Qc6+ 44. f3 Qxg6 45. a7 Qc2+ 46. Kh3 Qf5+ 47. Kg2 Re8 48. g4 Qc2+ 49. Kh3 Qc6 50. Kg2 Re2+ 51. Kg3 Qc7+ 52. f4 Ra2 53. Qf6 Rxa7 54. g5 Ra3+ 55. Kh4 Qd7 56. f5 Ra4+ 57. Kh5 Qd1+ 0-1

[Event "Superettan(Skara-Helsingborg)"]
[Site "?"]
[Date "2025.01.19"]
[Round "6"]
[White "Danielsson, Fredrik"]
[Black "Nilsson, Anders"]
[Result "1/2-1/2"]
[WhiteElo "2103"]
[BlackElo "2167"]
[PlyCount "142"]
[SourceVersionDate "2025.02.09"]

1. e4 d6 2. d4 Nf6 3. Nc3 c6 4. f4 Qa5 5. Bd3 e5 6. Nf3 Bg4 7. Be3 Nbd7 8. O-O Be7 9. h3 Bxf3 10. Qxf3 O-O 11. g4 exd4 12. Bxd4 Bd8 13. Kg2 Bb6 14. Bxf6 Nxf6 15. g5 Nd7 16. Qh5 Nc5 17. e5 Nxd3 18. cxd3 dxe5 19. Ne4 Qd5 20. Rf3 Bc7 21. f5 f6 22. gxf6 gxf6 23. Qh6 Qf7 24. Kh2 Kh8 25. Rg3 Rg8 26. Rag1 Rxg3 27. Rxg3 Rf8 28. h4 Bd8 29. Nc5 Rg8 30. Ne6 Rxg3 31. Kxg3 Be7 32. h5 Kg8 33. Kh4 Bf8 34. Qe3 b6 35. a4 Qd7 36. Qg3+ Kf7 37. Qf3 Bh6 38. Qxc6 Qxd3 39. Qc7+ Ke8 40. Qc8+ Ke7 41. Qc7+ Qd7 42. Qc4 Bd2 43. b3 Qb7 44. Kg3 Be1+ 45. Kh2 a5 46. Qg4 Qc6 47. Qd1 Bb4 48. Qd8+ Kf7 49. Qh8 Qc2+ 50. Kh1 Qd1+ 51. Kg2 Qg4+ 52. Kh2 Qxh5+ 53. Kg2 Qg4+ 54. Kh2 Qe2+ 55. Kh3 Qf1+ 56. Kh2 Qxf5 57. Nd8+ Ke7 58. Nc6+ Kd6 59. Na7 Qf4+ 60. Kg2 Qg4+ 61. Kh2 Qe2+ 62. Kh1 Qf1+ 63. Kh2 Qe2+ 64. Kh1 Qe1+ 65. Kg2 Qe4+ 66. Kh2 Kc5 67. Nb5 Qc2+ 68. Kh1 Qd1+ 69. Kh2 Qd2+ 70. Kh1 Qd5+ 71. Kh2 Qd2+ 1/2-1/2

[Event "Superettan(Lulea-Schack 08)"]
[Site "?"]
[Date "2025.01.19"]
[Round "6"]
[White "Stenman, Christoffer"]
[Black "Liden, Tommy"]
[Result "1/2-1/2"]
[WhiteElo "1939"]
[BlackElo "2107"]
[PlyCount "127"]
[SourceVersionDate "2025.02.09"]

1. d4 d5 2. Nc3 Nf6 3. Bf4 c5 4. e3 Bg4 5. f3 Bd7 6. Qd2 cxd4 7. exd4 Qb6 8. g4 e6 9. O-O-O a6 10. h4 Qa5 11. h5 h6 12. Kb1 Nc6 13. Nge2 b5 14. Nc1 b4 15. N3e2 Qb6 16. Ng3 a5 17. g5 hxg5 18. Bxg5 Ng8 19. f4 Bd6 20. h6 f6 21. Nh5 fxg5 22. Nxg7+ Kd8 23. fxg5 Bf8 24. Bh3 Bxg7 25. hxg7 Rh7 26. Qf4 Kc8 27. g6 Rh6 28. Bxe6 Rxh1 29. Bxd7+ Kxd7 30. Rxh1 Nce7 31. Nd3 Qf6 32. Ne5+ Ke6 33. Qg4+ Nf5 34. Re1 Kd6 35. Qf4 Nxg7 36. Nf7+ Kd7 37. Ne5+ Kc7 38. Qg3 Nf5 39. Qg2 Nge7 40. Qh2 Qh4 41. Qe2 Nxd4 42. Qd2 Re8 43. g7 Nec6 44. Rg1 Nxe5 45. g8=Q Rxg8 46. Rxg8 Qh1+ 47. Qc1 Qxc1+ 48. Kxc1 Kd6 49. Ra8 Ndc6 50. c3 bxc3 51. bxc3 Kc5 52. Kc2 Nc4 53. Rc8 Nd6 54. Rc7 Nc4 55. Rc8 a4 56. Kd3 Kd6 57. Re8 a3 58. Ra8 N4e5+ 59. Kc2 Nc4 60. Kb3 Nb6 61. Rh8 Kc5 62. Rg8 Kd6 63. Rh8 Nd7 64. c4 1/2-1/2

[Event "Superettan(Skara-Helsingborg)"]
[Site "?"]
[Date "2025.01.19"]
[Round "6"]
[White "Rothman, Peter"]
[Black "Olsson, Simon"]
[Result "1/2-1/2"]
[WhiteElo "2106"]
[BlackElo "2075"]
[PlyCount "69"]
[SourceVersionDate "2025.02.09"]

1. d4 Nf6 2. Nf3 d5 3. c4 e6 4. Nc3 Nbd7 5. e3 c6 6. Qc2 Bd6 7. b3 O-O 8. Bd3 e5 9. dxe5 Nxe5 10. Nxe5 Bxe5 11. Bb2 dxc4 12. Bxc4 Qe7 13. h3 h6 14. O-O Be6 15. Bxe6 Qxe6 16. Rfd1 Rad8 17. Ne2 Bxb2 18. Qxb2 Rd7 19. Nf4 Qe7 20. Rd4 Rfd8 21. Rad1 Rxd4 22. Rxd4 Rxd4 23. Qxd4 c5 24. Qd3 b6 25. Nd5 Nxd5 26. Qxd5 g6 27. e4 Kg7 28. f3 Qf6 29. a4 Qc3 30. Kf2 h5 31. h4 Qf6 32. Kg3 Qc3 33. Kf2 Qf6 34. Kg3 Qc3 35. Kf2 1/2-1/2

[Event "Superettan(Lulea-Schack 08)"]
[Site "?"]
[Date "2025.01.19"]
[Round "6"]
[White "Marcussen, Arno"]
[Black "Wiklund, Johan"]
[Result "1-0"]
[WhiteElo "2149"]
[BlackElo "1941"]
[PlyCount "169"]
[SourceVersionDate "2025.02.09"]

1. d4 e6 2. Nf3 Nf6 3. e3 c5 4. Bd3 d5 5. b3 cxd4 6. exd4 Nc6 7. O-O Be7 8. Bb2 O-O 9. Nbd2 a5 10. a3 Bd7 11. Ne5 Qb6 12. c4 Rfc8 13. c5 Qd8 14. Nxc6 Bxc6 15. b4 axb4 16. axb4 Qe8 17. Qe2 Rxa1 18. Rxa1 Ra8 19. b5 Rxa1+ 20. Bxa1 Qa8 21. Qd1 Be8 22. Bc3 Qa3 23. Qa1 Qxa1+ 24. Bxa1 Bd7 25. Nf3 Bc8 26. Ne5 Nd7 27. Nxd7 Bxd7 28. Kf1 Kf8 29. Ke2 Ke8 30. Bc3 Bd8 31. Kd2 Bc7 32. h3 g6 33. Kc2 Kd8 34. Kd2 Ke7 35. Kc2 Kd8 36. h4 Kc8 37. g3 Kd8 38. Kb3 Kc8 39. Kb4 Bd8 40. Kb3 Bc7 41. Kc2 Kd8 42. Kd2 Ke7 43. Ke3 Kf6 44. Be2 Be8 45. Bf1 Bd7 46. b6 Bb8 47. Bh3 Bc6 48. Bf1 Kf5 49. Be2 Kf6 50. Bd3 Ba4 51. f4 h5 52. Kd2 Ke7 53. Kc1 Kf6 54. Kb2 Ke7 55. Ka3 Bc6 56. Kb4 Kd8 57. Bd2 Ke7 58. Ka5 Kd8 59. Bb5 Bd7 60. Bxd7 Kxd7 61. Kb5 f6 62. Be3 e5 63. fxe5 fxe5 64. dxe5 Ke6 65. Bd4 Kd7 66. Kb4 Ke6 67. Kc3 Kf5 68. Kd3 g5 69. hxg5 Kxg5 70. Ke2 Kg6 71. Kf3 Kf5 72. Bc3 Kg5 73. Bd4 Kf5 74. Bb2 Kg5 75. Kg2 Kf5 76. Kh3 Kg5 77. Ba1 Kh6 78. Kh4 Kg6 79. g4 hxg4 80. Kxg4 Kf7 81. Kf5 Ke7 82. Bd4 Kf7 83. e6+ Ke7 84. Bf6+ Ke8 85. Be5 1-0

[Event "Superettan(Wasa II-Farsta)"]
[Site "?"]
[Date "2025.01.19"]
[Round "6"]
[White "Sammalvuo, Tapani"]
[Black "Mustaps, Matiss"]
[Result "1/2-1/2"]
[WhiteElo "2379"]
[BlackElo "2360"]
[PlyCount "45"]
[EventDate "2025.??.??"]
[SourceVersionDate "2025.02.09"]

1. d4 Nf6 2. c4 g6 3. Nc3 Bg7 4. e4 O-O 5. Nf3 d6 6. Be2 Na6 7. O-O e5 8. Be3 Ng4 9. Bg5 Qe8 10. Re1 c6 11. h3 h6 12. Bh4 Nf6 13. d5 c5 14. Nd2 Nh7 15. Kh1 f5 16. exf5 gxf5 17. Bh5 Qd7 18. f4 Nc7 19. Bg3 e4 20. a4 b6 21. Nf1 a6 22. Ne3 Rb8 23. Bh4 1/2-1/2

[Event "Superettan(Vasteras-Rockaden,Sthlm II)"]
[Site "?"]
[Date "2025.01.19"]
[Round "6"]
[White "Kenneskog, Theodor"]
[Black "Akesson, Ralf"]
[Result "0-1"]
[WhiteElo "2266"]
[BlackElo "2336"]
[PlyCount "100"]
[SourceVersionDate "2025.02.09"]

1. e4 c5 2. Nf3 e6 3. d4 cxd4 4. Nxd4 Nc6 5. a3 Nf6 6. Nc3 d6 7. f3 Be7 8. Be3 e5 9. Nb3 Be6 10. Nd5 Bxd5 11. exd5 Nb8 12. Qd2 O-O 13. O-O-O Nbd7 14. Kb1 Qc7 15. c4 a5 16. Qf2 Rfc8 17. Bd3 a4 18. Nd2 Qa5 19. g4 Nc5 20. Bf5 Rc7 21. Qh4 g6 22. Bg5 Kg7 23. f4 Ng8 24. fxe5 dxe5 25. d6 Bxd6 26. Bd8 Be7 27. Bxc7 Qxc7 28. Qg3 gxf5 29. gxf5+ Kh8 30. Rhg1 Bf6 31. Nf3 Ne4 32. Qg4 Nf2 33. Qh5 Nxd1 34. Rxd1 e4 35. Ng5 Bxg5 36. Qxg5 Qe7 37. Qxe7 Nxe7 38. f6 Ng8 39. Rd7 Rf8 40. Rxb7 Nxf6 41. Kc2 Kg7 42. Kd2 Rd8+ 43. Ke2 Kg6 44. Rb4 Ra8 45. c5 Kf5 46. c6 Nd5 47. Rc4 Ke5 48. c7 Rc8 49. Rxa4 Rxc7 50. Kd2 f5 0-1

[Event "Superettan(Orgryte-Kristineberg)"]
[Site "?"]
[Date "2025.01.19"]
[Round "6"]
[White "Tairi, Faruk"]
[Black "Amar, Elham"]
[Result "1/2-1/2"]
[WhiteElo "2402"]
[BlackElo "2539"]
[PlyCount "80"]
[SourceVersionDate "2025.02.10"]

1. e4 c5 2. Nf3 Nc6 3. Nc3 e6 4. d4 cxd4 5. Nxd4 Qc7 6. Be3 a6 7. Bd3 Nf6 8. O-O Ne5 9. h3 Bc5 10. Kh1 d6 11. f4 Ng6 12. Qe1 O-O 13. f5 Ne5 14. Qh4 Bd7 15. Rf3 Qb6 16. Rg3 Bxd4 17. Qxf6 g6 18. Bxd4 Qxd4 19. Rf1 Rae8 20. Qg5 f6 21. Qh6 exf5 22. exf5 Nf7 23. Qh5 g5 24. h4 Bc6 25. Rg4 Qe3 26. hxg5 Nxg5 27. Ne2 Qd2 28. Nf4 Re1 29. Ne6 Rxf1+ 30. Bxf1 Rf7 31. Nxg5 fxg5 32. Rxg5+ Kf8 33. Qh6+ Ke8 34. Qe6+ Kf8 35. Qh6+ Ke7 36. Qe6+ Kf8 37. Bc4 Qc1+ 38. Kh2 Qf4+ 39. Kg1 Qd4+ 40. Kh2 Qh4+ 1/2-1/2

[Event "Superettan(Wasa II-Farsta)"]
[Site "?"]
[Date "2025.01.19"]
[Round "6"]
[White "Rogule, Laura"]
[Black "Ong, Kezli"]
[Result "1-0"]
[WhiteElo "2219"]
[BlackElo "2261"]
[PlyCount "95"]
[SourceVersionDate "2025.02.09"]

1. d4 Nf6 2. c4 e6 3. Nf3 d5 4. g3 Be7 5. Bg2 O-O 6. O-O dxc4 7. Qc2 a6 8. a4 Bd7 9. Ne5 Bc6 10. Nxc6 Nxc6 11. e3 Na5 12. Nd2 c5 13. dxc5 Rc8 14. b4 cxb3 15. Nxb3 Nxb3 16. Qxb3 Bxc5 17. Rd1 Qc7 18. Qxb7 a5 19. Qxc7 Rxc7 20. Bd2 Ra7 21. Rdb1 Rd8 22. Be1 Bd6 23. Rb5 Bc7 24. Bc3 Ne8 25. Bd4 Ra6 26. Rc1 f6 27. Rb7 e5 28. Ba7 Bd6 29. Bf1 Ba3 30. Ra1 Rxa7 31. Rxa7 Bb4 32. Bc4+ Kh8 33. Bb5 Nd6 34. Rc1 Ne4 35. Rd7 Rb8 36. Rcc7 Bf8 37. Ra7 Nc5 38. Rd5 e4 39. Rxa5 h6 40. Ra7 Ne6 41. Kg2 Nc5 42. Rc7 Ne6 43. Rc4 Kh7 44. h4 Kg6 45. Rxe4 Nc7 46. Rg4+ Kh7 47. Bd3+ Kh8 48. Rd7 1-0

[Event "Superettan(Vasteras-Rockaden,Sthlm II)"]
[Site "?"]
[Date "2025.01.19"]
[Round "6"]
[White "Hamark, Jesper"]
[Black "Zadruzny, Nicolaj"]
[Result "1/2-1/2"]
[WhiteElo "2307"]
[BlackElo "2231"]
[PlyCount "28"]
[SourceVersionDate "2025.02.09"]

1. e4 c5 2. Nc3 e6 3. Nf3 Nc6 4. Bb5 Nge7 5. d4 cxd4 6. Nxd4 Qc7 7. O-O a6 8. Be3 d6 9. Bxc6+ Nxc6 10. Nxc6 Qxc6 11. Qg4 b5 12. Rfe1 b4 13. Ne2 e5 14. Qg3 Qxe4 1/2-1/2

[Event "Superettan(Orgryte-Kristineberg)"]
[Site "?"]
[Date "2025.01.19"]
[Round "6"]
[White "Torngren, Gustav"]
[Black "Jacobsen, Mikkel Manosri"]
[Result "1/2-1/2"]
[WhiteElo "2232"]
[BlackElo "2345"]
[PlyCount "164"]
[EventDate "2025.??.??"]
[SourceVersionDate "2025.02.10"]

1. Nf3 d5 2. b3 c5 3. e3 a6 4. Ba3 e6 5. Be2 Nf6 6. O-O Be7 7. c4 O-O 8. Nc3 Nc6 9. cxd5 exd5 10. d4 Ne4 11. Bb2 Bf6 12. Rc1 cxd4 13. Nxe4 dxe4 14. Nxd4 Qb6 15. Nxc6 Bxb2 16. Ne7+ Kh8 17. Rxc8 Raxc8 18. Nxc8 Rxc8 19. Qb1 Bf6 20. Qxe4 Qc6 21. Qf4 Kg8 22. Bd3 Re8 23. Bb1 Be5 24. Qg4 g6 25. Rd1 Kg7 26. g3 Bf6 27. Qe2 h5 28. h4 Re5 29. e4 Rc5 30. Kg2 Qe6 31. Qe3 Rc3 32. Rd3 Rc7 33. Rd5 Rc3 34. Rd3 Rc7 35. Rd5 Rc3 36. Qd2 Rc7 37. Qd1 Be5 38. Rd8 Rc3 39. Rd3 Rc5 40. Qd2 Qc6 41. Rd8 Rc1 42. Bd3 Bf6 43. Rd5 b5 44. Qf4 Ra1 45. Rd6 Qc3 46. Rxa6 Bd4 47. e5 Bxe5 48. Qe3 Re1 49. Qf3 Rc1 50. Qe4 Rd1 51. Bxb5 Rd2 52. Qf3 Qc7 53. Rc6 Qe7 54. Qe3 Rxa2 55. Rc5 f6 56. Rd5 Ra7 57. Qxa7 Qxa7 58. Rd7+ Qxd7 59. Bxd7 f5 60. b4 f4 61. g4 hxg4 62. Bxg4 Bd4 63. Kf3 Kf6 64. Bd7 Bb6 65. b5 Bc5 66. Bc6 Bb6 67. Be4 Bc5 68. Ke2 Bb6 69. f3 Bd8 70. Kd3 Ke5 71. Kc4 Kd6 72. Kb4 Kc7 73. Ka5 Bxh4 74. b6+ Kb8 75. Bxg6 Bg3 76. Kb5 Bf2 77. Kc6 Bg1 78. Be4 Bf2 79. b7 Be3 80. Kd6 Bd2 81. Ke5 Be3 82. Kf5 Bd2 1/2-1/2

[Event "Superettan(Wasa II-Farsta)"]
[Site "?"]
[Date "2025.01.19"]
[Round "6"]
[White "Livner, Anders"]
[Black "Karlsson, Mats"]
[Result "1-0"]
[WhiteElo "2291"]
[BlackElo "2287"]
[PlyCount "79"]
[SourceVersionDate "2025.02.09"]

1. Nf3 Nf6 2. g3 g6 3. b3 Bg7 4. Bb2 d6 5. Bg2 e5 6. c4 O-O 7. d3 Nc6 8. O-O Bd7 9. Nc3 Qc8 10. Ng5 h6 11. Nge4 Nxe4 12. dxe4 Bh3 13. Nd5 Bxg2 14. Kxg2 Qd8 15. Rc1 Nd4 16. Qd2 c6 17. Nc3 Qd7 18. e3 Ne6 19. f4 exf4 20. exf4 Nd4 21. Ne2 Nxe2 22. Qxe2 Rfe8 23. Bxg7 Kxg7 24. Rcd1 Qe6 25. Rfe1 Rad8 26. Qf2 b6 27. Rd4 h5 28. h4 f5 29. e5 dxe5 30. Rxe5 Qf6 31. Qd2 Rxd4 32. Qxd4 Rxe5 33. fxe5 Qe6 34. Qd6 Kf7 35. Kf3 b5 36. c5 a5 37. Kf4 a4 38. Kg5 axb3 39. axb3 Qxb3 40. Qd7+ 1-0

[Event "Superettan(Vasteras-Rockaden,Sthlm II)"]
[Site "?"]
[Date "2025.01.19"]
[Round "6"]
[White "Svorono, Gabriel"]
[Black "Janse, Love"]
[Result "1-0"]
[WhiteElo "2149"]
[BlackElo "2187"]
[PlyCount "81"]
[SourceVersionDate "2025.02.09"]

1. e4 e6 2. d4 d5 3. e5 c5 4. c3 Nc6 5. Nf3 Bd7 6. Be2 f6 7. O-O Qc7 8. Re1 O-O-O 9. Bf1 Nge7 10. Bf4 Nf5 11. g4 Nfe7 12. Bg3 Qb6 13. Qd2 Ng6 14. dxc5 Bxc5 15. b4 Be7 16. exf6 gxf6 17. a4 e5 18. g5 Bg4 19. Bg2 Qc7 20. Na3 Qd7 21. gxf6 Bxf6 22. Qe3 Qg7 23. b5 Bxf3 24. Bxf3 Nce7 25. Qxa7 h5 26. Bg2 Nf4 27. Bxf4 exf4 28. Kh1 Qg4 29. f3 Qf5 30. b6 Rhg8 31. Qa8+ Kd7 32. Qxb7+ Ke8 33. Nb5 Qc2 34. Rg1 Rd7 35. Qb8+ Kf7 36. Qxf4 Ng6 37. Nd6+ Kg7 38. Bh3 Qxc3 39. Rxg6+ Kxg6 40. Rg1+ Kh7 41. Bf5+ 1-0

[Event "Superettan(Orgryte-Kristineberg)"]
[Site "?"]
[Date "2025.01.19"]
[Round "6"]
[White "Lejlic, Samir"]
[Black "Frisk Kockum, Anton"]
[Result "0-1"]
[WhiteElo "2313"]
[BlackElo "2328"]
[PlyCount "71"]
[SourceVersionDate "2025.02.10"]

1. e4 e6 2. d4 d5 3. exd5 exd5 4. Nf3 Nc6 5. h3 Bf5 6. Be3 Nf6 7. g4 Be4 8. Nbd2 Bd6 9. g5 Nd7 10. Nxe4 dxe4 11. Nd2 f5 12. gxf6 Nxf6 13. c4 Be7 14. d5 Ne5 15. Qb3 O-O 16. O-O-O Kh8 17. Qc2 b5 18. cxb5 Qxd5 19. Kb1 Rad8 20. Be2 Qb7 21. Qa4 Nd3 22. f3 Nb4 23. Qxa7 Qd5 24. Nb3 Qh5 25. Rxd8 Rxd8 26. Rf1 exf3 27. Qxc7 Qg6+ 28. Ka1 fxe2 29. Rc1 Rd1 30. a3 Rxc1+ 31. Bxc1 Nc2+ 32. Ka2 e1=Q 33. b6 Ne8 34. Qc8 Qee6 35. b7 Bd6 36. Bd2 0-1

[Event "Superettan(Wasa II-Farsta)"]
[Site "?"]
[Date "2025.01.19"]
[Round "6"]
[White "Tetenkina, Irina"]
[Black "Lundin, Jan"]
[Result "1-0"]
[WhiteElo "2089"]
[BlackElo "2183"]
[PlyCount "83"]
[SourceVersionDate "2025.02.09"]

1. Nf3 d5 2. g3 c5 3. d4 Nc6 4. Bg2 Nf6 5. O-O e6 6. c4 cxd4 7. Nxd4 Be7 8. Nc3 O-O 9. cxd5 exd5 10. Be3 Be6 11. Nxc6 bxc6 12. Na4 Re8 13. Rc1 Qd7 14. Qc2 Bh3 15. Rfd1 Bxg2 16. Kxg2 Rac8 17. Bc5 h5 18. Rd4 Bd8 19. Nc3 Bc7 20. Ra4 Bb8 21. Rd1 Re6 22. Qd3 Rce8 23. Qf3 Re5 24. e4 Nxe4 25. Nxe4 dxe4 26. Rxe4 Qxd1 27. Qxd1 Rxe4 28. b4 h4 29. Qd7 hxg3 30. hxg3 R4e6 31. a4 f6 32. a5 Kh7 33. Bf8 Kg6 34. Qxg7+ Kf5 35. Kf3 Ke5 36. Bc5 Kd5 37. Qg4 Re4 38. Qd7+ Kc4 39. Qxc6 R4e6 40. Bd6+ Kd4 41. Qc5+ Kd3 42. Qd5+ 1-0

[Event "Superettan(Vasteras-Rockaden,Sthlm II)"]
[Site "?"]
[Date "2025.01.19"]
[Round "6"]
[White "Norberg, Johan"]
[Black "Eriksson, Dan"]
[Result "1-0"]
[WhiteElo "2294"]
[BlackElo "2202"]
[PlyCount "95"]
[SourceVersionDate "2025.02.09"]

1. e4 e5 2. Nf3 Nc6 3. Bc4 Bc5 4. c3 Nf6 5. d3 d6 6. b4 Bb6 7. O-O h6 8. a4 a5 9. b5 Ne7 10. Be3 Bxe3 11. fxe3 O-O 12. Nbd2 Ng6 13. Qe1 Be6 14. Bxe6 fxe6 15. Qg3 Qe8 16. Nc4 Nh8 17. b6 Qc6 18. bxc7 Qxc7 19. Nfd2 Kh7 20. Rfc1 Nf7 21. Na3 d5 22. Nb5 Qe7 23. exd5 exd5 24. c4 Nd6 25. Nxd6 Qxd6 26. Rab1 b6 27. d4 Rae8 28. c5 bxc5 29. Rxc5 Nh5 30. Qg4 exd4 31. Qxd4 Nf6 32. Rxa5 Qa3 33. Nf1 Re4 34. Qb2 Rxe3 35. Nxe3 Qxe3+ 36. Qf2 Qd3 37. Rf1 Nd7 38. Qe1 Qd4+ 39. Kh1 Rc8 40. Qb1+ Kh8 41. Rd1 Qf2 42. Raxd5 Rc2 43. Rg1 Nb6 44. Rd8+ Kh7 45. a5 Nc4 46. Rc8 Qe2 47. Rxc4 Qxc4 48. Rc1 1-0

[Event "Superettan(Orgryte-Kristineberg)"]
[Site "?"]
[Date "2025.01.19"]
[Round "6"]
[White "Nilsson, Eskil"]
[Black "Hald Falkesgaard, Jeppe"]
[Result "0-1"]
[WhiteElo "2121"]
[BlackElo "2261"]
[PlyCount "96"]
[SourceVersionDate "2025.02.10"]

1. e4 c5 2. Nf3 Nc6 3. Bb5 e6 4. O-O Nge7 5. Re1 a6 6. Bf1 d5 7. exd5 Nxd5 8. d4 Nf6 9. dxc5 Qxd1 10. Rxd1 Bxc5 11. Bf4 Ne4 12. Be3 Bxe3 13. fxe3 Ke7 14. c3 e5 15. Nbd2 Nxd2 16. Rxd2 Be6 17. b3 Rhd8 18. Rad1 Rxd2 19. Rxd2 f6 20. Kf2 b5 21. Rc2 Rc8 22. c4 bxc4 23. bxc4 Rb8 24. Nd2 Nb4 25. Rc3 Nxa2 26. Ra3 Rb2 27. Ke1 Nb4 28. Rb3 Nc2+ 29. Kf2 Rxb3 30. Nxb3 Kd6 31. Bd3 Nb4 32. Be2 Nc6 33. Ke1 a5 34. Kd2 a4 35. Nc1 e4 36. Na2 Kc5 37. Kc3 Na5 38. Nb4 Nxc4 39. Nc2 Nd6 40. Nd4 Bc4 41. Bd1 Nb5+ 42. Nxb5 Bxb5 43. Bc2 f5 44. Bd1 f4 45. exf4 e3 46. Bxa4 Bxa4 47. Kd3 e2 48. Kxe2 Kd4 0-1

[Event "Superettan(Wasa II-Farsta)"]
[Site "?"]
[Date "2025.01.19"]
[Round "6"]
[White "Wieweg, Johnny"]
[Black "Astrom, Goran"]
[Result "1/2-1/2"]
[WhiteElo "2071"]
[BlackElo "2216"]
[PlyCount "44"]
[EventDate "2025.??.??"]
[SourceVersionDate "2025.02.09"]

1. e4 c5 2. f4 d5 3. exd5 Nf6 4. Bb5+ Bd7 5. Bxd7+ Qxd7 6. c4 e6 7. Qe2 Bd6 8. dxe6 fxe6 9. d3 Nc6 10. Nf3 O-O 11. O-O Rae8 12. Nc3 e5 13. f5 Qxf5 14. Ng5 Qg6 15. Nge4 Nd4 16. Qd1 Nxe4 17. Nxe4 Rxf1+ 18. Kxf1 Rf8+ 19. Kg1 Be7 20. Be3 b6 21. Bxd4 exd4 22. Qe2 Qh6 1/2-1/2

[Event "Superettan(Vasteras-Rockaden,Sthlm II)"]
[Site "?"]
[Date "2025.01.19"]
[Round "6"]
[White "Enholm, Herman"]
[Black "Kretz, Johan"]
[Result "1-0"]
[WhiteElo "2046"]
[BlackElo "2146"]
[PlyCount "101"]
[SourceVersionDate "2025.02.09"]

1. d4 Nf6 2. c4 e6 3. Nf3 Bb4+ 4. Nbd2 O-O 5. a3 Bxd2+ 6. Bxd2 b6 7. Bg5 Bb7 8. e3 h6 9. Bh4 c5 10. Be2 d5 11. dxc5 bxc5 12. O-O Nbd7 13. cxd5 exd5 14. b4 cxb4 15. axb4 Qb6 16. Bxf6 Nxf6 17. Qd4 Rfc8 18. Rfc1 Ne4 19. Rxc8+ Rxc8 20. Qxb6 axb6 21. Nd4 Ng5 22. h4 Ne6 23. Bg4 Re8 24. Nxe6 fxe6 25. Ra7 Re7 26. Bxe6+ Kf8 27. Bf5 Kf7 28. Kh2 Kf6 29. Bd3 Ke6 30. g4 Kd6 31. Kg3 g5 32. hxg5 hxg5 33. Bb5 Rc7 34. f4 Re7 35. Kf2 d4 36. exd4 gxf4 37. Ba6 Bxa6 38. Rxa6 Kc6 39. Kf3 Kb5 40. Ra1 Kxb4 41. Rb1+ Ka5 42. Kxf4 b5 43. d5 b4 44. g5 Ka4 45. d6 Re8 46. Kf5 b3 47. d7 Rg8 48. Ke6 Ka3 49. Rd1 b2 50. d8=Q b1=Q 51. Qa5+ 1-0